ARRUPE JESUIT UNIVERSITY

CORONAVIRUS -STOP THE SPREAD - CLEAN,DISINFECT,COVER

Wild life of Southern Africa. (Record no. 120684)

MARC details
000 -LEADER
fixed length control field 00669cam a22002411 4500
001 - CONTROL NUMBER
control field 9307618
003 - CONTROL NUMBER IDENTIFIER
control field ARRUPE
005 - DATE AND TIME OF LATEST TRANSACTION
control field 20140610171715.0
008 - FIXED-LENGTH DATA ELEMENTS--GENERAL INFORMATION
fixed length control field 770803s1951 xx 000 0 eng
010 ## - LIBRARY OF CONGRESS CONTROL NUMBER
LC control number 51030820
035 ## - SYSTEM CONTROL NUMBER
System control number (OCoLC)3159307
040 ## - CATALOGING SOURCE
Original cataloging agency DLC
Transcribing agency OC
Modifying agency DLC
042 ## - AUTHENTICATION CODE
Authentication code premarc
050 00 - LIBRARY OF CONGRESS CALL NUMBER
Classification number QL337.S65
Item number M5
082 ## - DEWEY DECIMAL CLASSIFICATION NUMBER
Classification number 591.968
300 ## - PHYSICAL DESCRIPTION
Other physical details 74 plates.
Dimensions 19 cm.
100 1# - MAIN ENTRY--PERSONAL NAME
Personal name Miller, W. T.
9 (RLIN) 10780
245 10 - TITLE STATEMENT
Title Wild life of Southern Africa.
260 ## - PUBLICATION, DISTRIBUTION, ETC. (IMPRINT)
Place of publication, distribution, etc Pietermaritzburg,
Name of publisher, distributor, etc Shuter and Shooter
Date of publication, distribution, etc [1951]
300 ## - PHYSICAL DESCRIPTION
Extent 1 v. (unpaged)
650 #0 - SUBJECT ADDED ENTRY--TOPICAL TERM
Topical term or geographic name as entry element Zoology
Geographic subdivision South Africa.
9 (RLIN) 10781
906 ## - LOCAL DATA ELEMENT F, LDF (RLIN)
a 7
b cbc
c oclcrpl
d u
e ncip
f 19
g y-gencatlg
942 ## - ADDED ENTRY ELEMENTS (KOHA)
Source of classification or shelving scheme Library of Congress Classification
Koha item type SPC
Holdings
Withdrawn status Lost status Source of classification or shelving scheme Damaged status Not for loan Collection code Home library Current library Shelving location Date acquired Total Checkouts Full call number Barcode Date last seen Price effective from Koha item type
    Library of Congress Classification     SPECIAL Collection ARRUPE LIBRARY ARRUPE LIBRARY Main Collection 10/06/2014   SPC QL337.S65 M5 46500000671 10/06/2014 10/06/2014 SPC

 

Arrupe Library. PO Box MP320 Mt Pleasant, Harare, Zimbabwe
263 242 745411|librarian@aju.ac.zw